| 000 | 00367nam a2200145Ia 4500 | ||
|---|---|---|---|
| 008 | 230917s9999||||xx |||||||||||||| ||und|| | ||
| 040 |
_e203448 _aMAIN |
||
| 041 | _aEnglish | ||
| 082 | _a327.51 L555C | ||
| 100 | _aLiu, Leo Yuch-Yun | ||
| 245 | 0 | _aChina as a nuclear power in world politics | |
| 260 |
_aLondon _bMacmillan _c1972 |
||
| 300 | _a125 p. | ||
| 942 | _cBK | ||
| 999 |
_c212441 _d212441 |
||